• 首页
  • 本馆介绍
  • 公告通知
  • 最新文献
  • 馆藏检索
  • 电子资源
  • 读者导购
  • 参考咨询
  • 我的图书馆
  • 登录
  • 详细信息显示
  • 放入我的书架
  • 预约/预借图书
  • 作者相关作品
  • 分类相关作品
  • 丛书相关作品
  • 出版社相关作品

书目信息

  • 表格格式
  • 工作单格式
  • 卡片格式
题名:
道德科学初学集
    
 
作者: 李奇 著
分册:  
出版信息: 上海   上海人民出版社  1979
页数: 176页
开本: 19cm
丛书名:
单 册:
中图分类: B82-53 , B82
科图分类:
主题词: 伦理学--文集
电子资源:
ISBN:
000 00566nam0 2200229 45
001 0965037621
005 20090928180450.78
010    @dCNY0.40
091    @aCN@b2074.356
100    @a19950713d1979 em y0chiy0121 ea
101 0  @achi
102    @aCN@b310000
105    @ay z 000yy
200 10 @a道德科学初学集@Adao de ke xue chu xue ji@f李奇著
210    @a上海@c上海人民出版社@d1979
215    @a176页@d19cm
606    @a伦理学@x文集
690    @aB82-53@v3
690    @aB82@v4
701  0 @a李奇@Ali qi@4著
801  0 @aCN@bTSSF
905    @a10447@dB82@eJY34
    
    道德科学初学集/李奇著.-上海:上海人民出版社,1979
    176页;19cm
    
    
    ISBN :CNY0.40
    
●
相关链接 在E读中查询图书 在五车中查询图书 在当当中查询图书 在豆瓣中查询图书


正题名:道德科学初学集     索取号:B82/JY34         预约/预借

序号 登录号 条形码 馆藏地/架位号 状态 备注
1 7820297   278202972   学院路分馆/ [索取号:B82/JY34] 在馆    
2 7820298   278202981   学院路分馆/ [索取号:B82/JY34] 在馆    
3 7820299   278202990   学院路分馆/ [索取号:B82/JY34] 在馆    
唐山师范学院图书馆 欢迎您!
大连网信软件有限公司© 版权所有